000 00409nam a22001577a 4500
005 20240108153458.0
008 190528b xxu||||| |||| 00| 0 eng d
020 _a978-93-83073-17-7
041 _aeng
100 _aGOKHALE,S.B.,KOKTE,C.K .,AND PUROHIT,A.P
_98305
245 _aPHARMACOGNOSY - IV (SEM- V)
250 _a2 nd, Ed.2017
260 _aPUNE
_bNIRALI PRAKASHAN
300 _a1.6p,
942 _cBK
999 _c5880
_d5878